|
|
|
|
| LEADER |
00000cam a2200000 7i4500 |
| 001 |
0000288564 |
| 005 |
20240403130452.0 |
| 006 |
a# #### ### |
| 007 |
t |
| 008 |
220121t20202020xxk# # eng |
| 020 |
|
|
|a 9781529125733
|
| 040 |
|
|
|a MBPJ
|b eng
|c MBPJ
|e rda
|
| 090 |
0 |
0 |
|a 364.4092
|b PET
|
| 100 |
1 |
|
|a Pettigrew, Nick ,
|e author
|
| 245 |
1 |
0 |
|a Anti Social
|c Nick Pettigrew
|
| 264 |
|
1 |
|a London :
|b Century
|c 2020
|
| 264 |
|
4 |
|c ©2020
|
| 300 |
|
|
|a 376 pages ;
|c 22 cm.
|
| 336 |
|
|
|a text
|2 rdacontent
|
| 337 |
|
|
|a unmediated
|2 rdamedia
|
| 338 |
|
|
|a volume
|2 rdacarrier
|
| 600 |
1 |
0 |
|a Pettigrew, Nick
|x Career in crime prevention
|
| 650 |
|
0 |
|a Crime prevention
|z Great Britain
|
| 999 |
|
|
|a 00388691
|b BUKU
|c PINJAMAN
|e PERPUSTAKAAN KOMUNITI PETALING JAYA
|